BIofules, solar energy and future perspectives/ (Record no. 165328)

MARC details
000 -LEADER
fixed length control field 00714nam a22002177a 4500
005 - DATE AND TIME OF LATEST TRANSACTION
control field 20190613160755.0
010 ## - LCCN (DPL NO)
LC control number ENG-125583
020 ## - INTERNATIONAL STANDARD BOOK NUMBER
International Standard Book Number 9789385995668
Terms of availability 2499.00
035 ## - SYSTEM CONTROL NUMBER
System control number EN-109115
037 ## - SOURCE OF ACQUISITION
Source of stock number/acquisition DBAD/PUB
082 ## - DEWEY DECIMAL CLASSIFICATION NUMBER
Classification number 333.9
100 ## - MAIN ENTRY--PERSONAL NAME
Personal name Abdeen Mustafa Omer
245 ## - TITLE STATEMENT
Title BIofules, solar energy and future perspectives/
Statement of responsibility, etc by Abdeen Mustafa Omer, Murtaz Abid [and] M.M. Abid Ali Khan
260 ## - PUBLICATION, DISTRIBUTION, ETC. (IMPRINT)
Place of publication, distribution, etc New Delhi
Name of publisher, distributor, etc Lenin media
Date of publication, distribution, etc 2019
270 ## - ADDRESS
Address 204,2nd floor, Durga Complex CSC.
City Mayur Vihar II, New Delhi
Postal code 110092
300 ## - PHYSICAL DESCRIPTION
Extent 380p.
Dimensions 24cm(Hb)
Other physical details ill.
700 ## - ADDED ENTRY--PERSONAL NAME
Personal name Andeen Mustafa Omer
700 ## - ADDED ENTRY--PERSONAL NAME
Personal name Murtaza Abid
700 ## - ADDED ENTRY--PERSONAL NAME
Personal name M.M. Abid Ali Khan
942 ## - ADDED ENTRY ELEMENTS (KOHA)
Source of classification or shelving scheme Dewey Decimal Classification
Item type English Books
Classification part 333.9
Call number suffix ABD
Holdings
Withdrawn status Lost status Not for loan Collection code Home library Current library Date acquired Source of acquisition Cost, normal purchase price Full call number Barcode Copy number Cost, replacement price Koha item type
      Non-fiction Andrews Gunj Andrews Gunj 13/06/2019 DBAD/PUB 2499.00 333.9 ABD EN-109115 1 2499.00 English Books

© Delhi Public Library
Hit Counter
free hit counter